000
00300nam a22001337a 4500
008
170913b xxu||||| |||| 00| 0 eng d
020
_a
9780071634151
041
_a
eng
080
_a
53
100
_a
43
101
_a
FIZ
245
_a
MATHEMATICS FOR PHYSICS STUDENTS
_c
STEINER,R
942
_2
udc
_c
BK
999
_c
27484
_d
27484